1351 1157 1829 1177 1919 1224 1335 1119 1108 1562 1785 1540 1687 1970 1905 1222 1563 1962 1098 1152 1803 1128 1744 1737 1576 1623 1194 1108 1291 1108 1275 1451 1710 1229 1552 1825 1760 1492 1201 1356 1527 1138 1142 1602 1324 1630 1041 1438 1493 1559 1049 1399 1337 1312 1118 1317 1648 1365 1702 1223 1677 1626 1934 1469 1732 1471 1412 1591 1760 1289 1572 1523 1061 1008 1856 1790 1084 1250 1480 1444 1747 1994 1785 1909 1487 1423 1804 1277 1834 1629 1517 1221 1835 1619 1191 1527 1978 1097 1104 BCNSPRNW ULIB Ver.6.0+V

เปลี่ยนเป็นภาษาไทย

Change to English
 แสดงรายละเอียดบรรณานุกรม
  กลับหน้าหลัก

Brief Record : Get Marc (ISO 2709) : E-mail record : QR code < ปิดหน้าต่าง
LEADER : 00000nam 2200000uu 4500
001    13399125126
003     ULIB
008    161003s2559||||th 000 0 tha d
020    ^a978616793077
050  4 ^aBQ4570^bช177อ 2
100 0  ^aชยสาโร ภิกขุ
245 10 ^aอักษรสื่อสาร /^cชยสาโร ภิกขุ
250    ^aพิมพ์ครั้งที่ 1
260    ^aกรุงเทพฯ :^bมูลนิธิปัญญาประทีป หรือ โรงเรียนทอสี,^c2559
300    ^a 339 หน้า :^bภาพประกอบ ;^c19.5 ซม.
945    ^p0^l0^i001361
995    ^aณรีรัตน์ วารุกา
999    ^aวรรณษา ชูชัยมงคล
รายการนี้ยังไม่มีแท็ก
คุณยังไม่ได้ล็อกอิน คุณสามารถมีกิจกรรมร่วมกับเว็บไซต์ได้ แต่ต้องล็อกอินก่อน ::
  ล็อกอิน

รายการสื่อสารสนเทศ

ลำดับที่ ประเภท เลขเรียก/บาร์โค้ด สถานที่ สถานะ
1. วิทยาศาสตร์การแพทย์ และสุขภาพ
วิทยาศาสตร์การแพทย์ และสุขภาพ
BQ4570 ช177อ 2 ฉ.1 
  Barcode: 001361
ห้องสมุดวิทยาเขตสวรรค์ประชารักษ์
►หนังสือทั่วไป
บนชั้น

รายการใกล้เคียง
    ผู้แต่ง [ชยสาโร ภิกขุ]

BibComment


ยังไม่เคยถูกคอมเมนท์

คอมเมนท์ทรัพยากรรายการนี้
  คอมเมนท์: อักษรสื่อสาร ชย..


 Copyright 2026. Bcnsprnw @Library